[Event "NOR-chT Club"]
[Site "Drammen"]
[Date "2019.05.30"]
[Round "1.18"]
[White "Unneland, Arne"]
[Black "Sjomoen, Ole Andreas"]
[Result "1-0"]
[WhiteElo "1658"]
[BlackElo "1258"]
[PlyCount "67"]
[EventDate "2019.05.30"]
[EventType "team-swiss"]
[EventRounds "6"]
[EventCountry "NOR"]
[SourceTitle "CBM 190 Extra"]
[Source "ChessBase"]
[SourceDate "2019.07.15"]
[SourceVersion "1"]
[SourceVersionDate "2019.07.15"]
[SourceQuality "1"]
[WhiteTeam "Aalesunds"]
[BlackTeam "Groruddalen II"]
[WhiteTeamCountry "NOR"]
[BlackTeamCountry "NOR"]

1. e4 c5 2. Nf3 e6 3. d4 d5 4. exd5 exd5 5. Bb5+ Nc6 6. 0-0 Nf6 7. Re1+ Be7 8. dxc5 0-0 9. Bxc6 bxc6 10. b4 Ba6 11. Bb2 Ne4 12. Ne5 Qc7 13. Nd2 Bf6 14. Nxe4 Bxe5 15. Bxe5 Qxe5 16. Nd6 Qc3 17. a3 Bc4 18. Re3 Qf6 19. c3 a5 20. Nxc4 dxc4 21. Qf3 Qxf3 22. Rxf3 axb4 23. cxb4 Rad8 24. Kf1 Rfe8 25. Re3 Rxe3 26. fxe3 Rd3 27. Ke2 Rb3 28. Rd1 g6 29. Rd6 Rb2+ 30. Kd1 c3 31. Rxc6 Rxg2 32. Rd6 Ra2 33. c6 Rxa3 34. c7 1-0